000 00463nam a2200181Ia 4500
001 46582
008 140429s9999 xx 000 0 und d
020 _aNA
040 _cPK-LaUMT
082 _aRHC 891.4394
_bAYU-I
100 _aAyub Khan, Muhammad
245 _aIlm-o-hadaayat (Urdu)
_cAyub Khan, Muhammad
260 _aLahore,Pakistan:
_bIdara Ashat-e-Quran,
_cNA
300 _a183 p.
546 _aUR
650 _aPakistani literature-Urdu
942 _cBK
999 _c44533
_d44533